000 01119nam a2200313 a 4500
001 000113762
003 CHAP
005 20220329144411.0
008 170918s2017 mx sm |||||||spa d
010 _a110223
011 _a111195
040 _cCHAP
090 _aTesis
100 1 _aPadilla Fermoso, Cecilia
_9133395
245 1 0 _aViabilidad económica, buenas práctias y nivel de equipamiento en granjas cunícolas del centro del país
_h[En línea]
_cCecilia padilla Fermoso.
260 _aChapingo, Méx. :
_bEl autor,
_c2017.
500 _aPara ver el contenido del material haga clic en la liga
502 _aTesis (Maestro en estrategia agroempresarial)-- UACH. CESTAAM
590 _aE6337LMJ
_b05
_c20170918
_lUCH01
_h0951
590 _aE6337LMJ
_b05
_c20170918
_lUCH01
_h0953
650 1 4 _aConejos
_xAlojamiento.
_926354
650 1 4 _aConejos
_xCostos de producción.
_926356
650 1 4 _aConejos
_xJaulas y equipos.
_926369
650 1 4 _aConejos
_xProducción.
_926375
856 _aFinding aid
_uhttp://10.13.5.2/tesis/sist113762.pdf
_zTeclea aquí
901 _aBK
942 _cTESIS
942 _n0
999 _c110223
_d110223